ARRUPE JESUIT UNIVERSITY

CORONAVIRUS -STOP THE SPREAD - CLEAN,DISINFECT,COVER

Comrades : (Record no. 121130)

MARC details
000 -LEADER
fixed length control field 01135pam a2200349 a 4500
001 - CONTROL NUMBER
control field 6210690
003 - CONTROL NUMBER IDENTIFIER
control field ARRUPE
005 - DATE AND TIME OF LATEST TRANSACTION
control field 20141017173502.0
008 - FIXED-LENGTH DATA ELEMENTS--GENERAL INFORMATION
fixed length control field 070109s2007 enkabf b 001 0 eng
015 ## - NATIONAL BIBLIOGRAPHY NUMBER
National bibliography number GBA704769
Source bnb
016 7# - NATIONAL BIBLIOGRAPHIC AGENCY CONTROL NUMBER
Record control number 013645749
Source Uk
020 ## - INTERNATIONAL STANDARD BOOK NUMBER
International Standard Book Number 9781405053457 (hbk.)
020 ## - INTERNATIONAL STANDARD BOOK NUMBER
International Standard Book Number 1405053453 (hbk.)
035 ## - SYSTEM CONTROL NUMBER
System control number (OCoLC)OCM78989397
035 ## - SYSTEM CONTROL NUMBER
System control number (OCoLC)78989397
035 ## - SYSTEM CONTROL NUMBER
System control number (NNC)6210690
040 ## - CATALOGING SOURCE
Original cataloging agency UKM
Transcribing agency UKM
Modifying agency BWKUK
-- NNC
050 #4 - LIBRARY OF CONGRESS CALL NUMBER
Classification number HX39
Item number .S414 2007
082 04 - DEWEY DECIMAL CLASSIFICATION NUMBER
Classification number 335.4
Edition number 22
300 ## - PHYSICAL DESCRIPTION
Other physical details col. ill., maps ;
Dimensions 24 cm.
100 1# - MAIN ENTRY--PERSONAL NAME
Personal name Service, Robert.
9 (RLIN) 12210
245 10 - TITLE STATEMENT
Title Comrades :
Remainder of title a world history of communism /
Statement of responsibility, etc Robert Service.
260 ## - PUBLICATION, DISTRIBUTION, ETC. (IMPRINT)
Place of publication, distribution, etc London :
Name of publisher, distributor, etc Macmillan,
Date of publication, distribution, etc 2007.
300 ## - PHYSICAL DESCRIPTION
Extent xviii, 571 p., [24] p. of plates :
504 ## - BIBLIOGRAPHY, ETC. NOTE
Bibliography, etc Includes bibliographical references (p. [483]-549) and index.
650 #0 - SUBJECT ADDED ENTRY--TOPICAL TERM
Topical term or geographic name as entry element Communism
General subdivision History
Chronological subdivision 19th century.
9 (RLIN) 12211
650 #0 - SUBJECT ADDED ENTRY--TOPICAL TERM
Topical term or geographic name as entry element Communism
General subdivision History
Chronological subdivision 20th century.
9 (RLIN) 12212
650 #0 - SUBJECT ADDED ENTRY--TOPICAL TERM
Topical term or geographic name as entry element Communication and culture.
9 (RLIN) 12213
651 #0 - SUBJECT ADDED ENTRY--GEOGRAPHIC NAME
Geographic name Communist countries
General subdivision Social conditions.
9 (RLIN) 12214
942 ## - ADDED ENTRY ELEMENTS (KOHA)
Source of classification or shelving scheme Library of Congress Classification
Koha item type Monograph ( Printed materials)
948 1# - LOCAL PROCESSING INFORMATION (OCLC); SERIES PART DESIGNATOR (RLIN)
Series part designator, SPT (RLIN) 20070619
b (OCLC) c
c (OCLC) jv5
d (OCLC) MPS
Holdings
Withdrawn status Lost status Source of classification or shelving scheme Damaged status Not for loan Collection code Home library Current library Shelving location Date acquired Total Checkouts Full call number Barcode Date last seen Price effective from Koha item type
    Library of Congress Classification     Main Collection ARRUPE LIBRARY ARRUPE LIBRARY Main Collection 17/10/2014   HX11.15 S491 2007 46500003795 30/04/2018 17/10/2014 Monograph ( Printed materials)

 

Arrupe Library. PO Box MP320 Mt Pleasant, Harare, Zimbabwe
263 242 745411|librarian@aju.ac.zw